Mathematical Methods In the Physical Science (Record no. 138230)

MARC details
000 -LEADER
fixed length control field 00519nam a22002057a 4500
003 - CONTROL NUMBER IDENTIFIER
control field OSt
005 - DATE AND TIME OF LATEST TRANSACTION
control field 20260526103623.0
008 - FIXED-LENGTH DATA ELEMENTS--GENERAL INFORMATION
fixed length control field 260526b |||||||| |||| 00| 0 eng d
020 ## - INTERNATIONAL STANDARD BOOK NUMBER
International Standard Book Number 978-93-5464-425-2
040 ## - CATALOGING SOURCE
Transcribing agency SBCL
082 ## - DEWEY DECIMAL CLASSIFICATION NUMBER
Classification number 530.15
Item number BOA-M
100 ## - MAIN ENTRY--PERSONAL NAME
Personal name Boas,L M
245 ## - TITLE STATEMENT
Title Mathematical Methods In the Physical Science
250 ## - EDITION STATEMENT
Edition statement 3rd ed.
260 ## - PUBLICATION, DISTRIBUTION, ETC.
Place of publication, distribution, etc. New Delhi
Name of publisher, distributor, etc. Wiley India Pvt Ltd
Date of publication, distribution, etc. 2025
300 ## - PHYSICAL DESCRIPTION
Extent 868p.
630 ## - SUBJECT ADDED ENTRY--UNIFORM TITLE
General subdivision Natural sciences & mathematics
650 ## - SUBJECT ADDED ENTRY--TOPICAL TERM
Topical term or geographic name entry element Physics
942 ## - ADDED ENTRY ELEMENTS (KOHA)
Koha item type BOOK

No items available.

Powered by Koha